Seth and Me and Rebel Make Three (Record no. 941)

MARC details
000 -LEADER
fixed length control field 00308nam a2200109 4500
008 - FIXED-LENGTH DATA ELEMENTS--GENERAL INFORMATION
fixed length control field 160625b xxu||||| |||| 00| 0 eng d
100 ## - MAIN ENTRY--PERSONAL NAME
9 (RLIN) 1159
Personal name Eyerly, J
245 ## - TITLE STATEMENT
Title Seth and Me and Rebel Make Three
260 ## - PUBLICATION, DISTRIBUTION, ETC. (IMPRINT)
Place of publication, distribution, etc. N.Y
Name of publisher, distributor, etc. J.B.Lippincott com.
Date of publication, distribution, etc. 1983
300 ## - PHYSICAL DESCRIPTION
Extent Seth and Me and Rebel Make Three
942 ## - ADDED ENTRY ELEMENTS (KOHA)
Source of classification or shelving scheme Dewey Decimal Classification
Koha item type BOOK
Holdings
Withdrawn status Lost status Source of classification or shelving scheme Damaged status Not for loan Home library Current library Shelving location Date acquired Total Checkouts Total Renewals Full call number Barcode Date last seen Date last checked out Price effective from Koha item type
    Dewey Decimal Classification     Good Samaritan School Library Good Samaritan School Library FICTION 06/25/2016 3 1 823 EYE1481 08/19/2025 08/11/2025 06/25/2016 BOOK

Powered by Koha